Statistics for Match-The-Word Anime Titles Quiz

Click here to take the quiz!

General Stats

  • This quiz has been taken 1,050 times
  • The average score is 32 of 35

Answer Stats

Anime TitleMissing Word NumberMissing Word% Correct
My Hero _________1510. Ouran
98%
______ Ball Z363. Machi
98%
Seven ______ Sins2912. Punch
97%
_____ Art Online414. Little
97%
One _____ Man1221. Psycho
96%
____ Exorcist188. Black
96%
___ Piece3220. Wonderland
96%
_________ Alchemist3517. Stray
96%
_____ Butler816. 6
96%
Tokyo _____919. Titan
96%
_____ Highschool Host Club102.Mirai
95%
Your Lie in _____309. Ghoul
95%
_____ Note1128. 5
94%
Attack on _____1936. Dragon
94%
Mob ______ 100215. Ronpa
94%
No Game No ____1330. April
93%
______ Bebop623. Horizon
93%
Deadman __________201. Test
92%
____ Eater3427. Maxim
92%
____ Geass726. Madoka
91%
Bungou _____ Dogs1729. Deadly
89%
______ Nikki218. Blue
89%
_ Centimeters Per Second2835. Fullmetal
89%
Guilty ______316. Cowboy
89%
No. _1634. Soul
88%
Dangan_____524. School
88%
Baka and ____17. Code
86%
Noragami _______224. Sword
86%
Prison ______2413. Life
86%
Parasyte the ______2722. Aragoto
84%
My ______ Monster1425. Days
83%
91 ____2515. Academia
83%
Boku Dake Ga Inai _____311. Death
82%
Puella Magi _______ Magica2632. One
81%
Log ______2331. Crown
79%

Score Distribution

Percentile by Number Answered

Percent of People with Each Score

Your Score History

You have not taken this quiz